United States Governors - Statistics

General Stats
  • This quiz has been taken 304 times
  • The average score is 15 of 50
Answer Stats
Hint Answer % Correct
New Jersey Chris Christie
74%
California Jerry Brown
72%
New York Andrew Cuomo
68%
Texas Rick Perry
64%
Ohio John Kasich
59%
Wisconsin Scott Walker
59%
Florida Rick Scott
54%
Louisiana Bobby Jindal
53%
South Carolina Nikki Haley
45%
Kansas Sam Brownback
40%
Indiana Mike Pence
39%
Arizona Jan Brewer
38%
Michigan Rick Snyder
37%
New Mexico Susana Martinez
37%
Masschusetts Deval Patrick
36%
Colorado John Hickenlooper
36%
Maryland Martin O'Malley
35%
Missouri Jay Nixon
31%
Hawaii Neil Abercrombie
31%
Georgia Nathan Deal
28%
Connecticut Dan Malloy
27%
Illinois Pat Quinn
27%
Maine Paul LePage
27%
New Hampshire Maggie Hassan
26%
Minnesota Mark Dayton
26%
Nevada Brian Sandoval
25%
Alaska Sean Parnell
25%
Virginia Bob McDonnell
24%
Rhode Island Lincoln Chafee
24%
Oklahoma Mary Fallin
24%
Iowa Terry Branstad
24%
Idaho Butch Otter
23%
Alabama Robert Bentley
23%
Pennsylvania Tom Corbett
23%
Arkansas Mike Beebe
22%
North Carolina Pat McCrory
21%
Kentucky Steve Beshear
21%
West Virginia Earl Ray Tomblin
20%
Tennessee Bill Haslam
18%
Wyoming Matt Mead
18%
Washington Jay Inslee
17%
Oregon John Kitzhaber
17%
Vermont Peter Shumlin
17%
Utah Gary Herbert
15%
Mississippi Phil Bryant
14%
North Dakota Jack Dalrymple
13%
Delaware Jack Markell
13%
Montana Steve Bullock
13%
Nebraska Dave Heineman
12%
South Dakota Dennis Daugaard
11%
No matching quizzes found
Score Distribution
Percent of People with Each Score
Percentile by Number Answered
Your Score History
You have not taken this quiz